|
|
|
|
| LEADER |
00970nam a22002892a 4500 |
| 001 |
001607430 |
| 003 |
CZ BrMZK |
| 005 |
20180320134432.0 |
| 007 |
ta |
| 008 |
171206s1967 gw frm||||||||||ger d |
| 040 |
|
|
|a BOA001
|b cze
|e aacr2
|
| 072 |
|
7 |
|a 618
|x Gynekologie. Porodnictví
|2 Konspekt
|9 14
|
| 080 |
|
|
|a 618.14
|2 MRF
|
| 080 |
|
|
|a (043.3)
|2 MRF
|
| 100 |
1 |
|
|a Vogel, Hans Jürgen
|4 dis
|
| 245 |
1 |
0 |
|a Gestalt und Gestaltwandel der Uterindrüsen des Rindes aufgrund von Mazerationen /
|c Hans Jürgen Vogel
|
| 260 |
|
|
|a Berlin :
|b Hans Jürgen Vogel,
|c 1967
|
| 300 |
|
|
|a 26 s.
|
| 502 |
|
|
|a Disertace--Freie Universität Berlin, 1967
|
| 650 |
0 |
7 |
|a děloha
|7 ph254769
|2 czenas
|
| 653 |
0 |
|
|a macerace
|
| 655 |
|
7 |
|a disertace
|7 fd132024
|2 czenas
|
| 710 |
2 |
|
|a Freie Universität Berlin
|7 kn20010710196
|4 isb
|
| 910 |
|
|
|a BOA001
|b X-0621.204
|
| 990 |
|
|
|a BK
|
| 991 |
|
|
|b 201712
|
| 996 |
7 |
|
|b 2618921628
|c X-0621.204
|l MZK
|r Sklad / do 24 hodin
|n 0
|w 001642991
|u 000010
|a 1
|e BOA001
|j MZK50
|s A
|